01287cam a22003375a 4500001001400000003000400014005001700018008004100035020003900076040003100115082002100146245010900167260005200276300004000328500002700368500002400395504004100419590001100460650004400471650003000515650002700545650002500572650005200597651001000649653003700659700004800696700003800744942000800782999001700790952014200807ssj0001132171OSt20201128021515.0140128t2014 maua frbd 001 0 eng d a9780124081383 ( Pbk. : alk. paper) aDLCbengdWaSeSSdEG-ScBUE04a004.019222bEYE00aEye tracking in user experience design /c[edited by] Jennifer Romano Bergstrom, Andrew Jonathan Schall. aWaltham :bMorgan Kaufmann / Elsevier,cc.2014. axx, 374 p. :bill. (col.) ;c24 cm. aGlossary : p. 361-365. aIndex : p. 367-374. aIncludes bibliographical references. aNahed  7aHuman-computer interaction.2BUEsh9859 0aVisual perception.2BUEsh 0aEyexMovements.2BUEsh 0aEye tracking.2BUEsh 7aUser interfaces (Computer systems)2BUEsh92676 2BUEsh bCOMSCIcAugust2015cDecember20151 aBergstrom, Jennifer Romano,eeditor.9388221 aSchall, Andrew Jonathan,eeditor. 2ddc c20581d20553 00102ddc40708BaccahaMAINbMAINcLOWd2015-08-18ePurchaseg480.00h21759l0o004.019 BERp000030827r2025-07-15 00:00:00v600.00yBB